|
|
|
|
| LEADER |
00565cam a2200145 7i4500 |
| 001 |
0000008053 |
| 005 |
20000817090000.0 |
| 090 |
0 |
0 |
|a CD-ROM 149
|b TOU
|
| 245 |
0 |
0 |
|a Tourism investment opportunities =
|l Possibilities d' investissement dans le tourisme [
|m electronic resource].
|
| 260 |
0 |
0 |
|a Tripoli:
|b General People's Committee for Tourism,
|c [199-].
|
| 300 |
# |
# |
|a Electronic computer optical disc (CD-ROM).
|
| 650 |
0 |
0 |
|z Libya
|
| 650 |
0 |
0 |
|a Tourism --
|x Investment opportunities --
|z Libya
|
| 651 |
0 |
0 |
|a Libya
|
| 999 |
|
|
|a 0000011782
|b CD-ROM
|c AV Collection
|e Business Information Centre
|